000 00617nam a22002177a 4500
003 UA-OsUOA
001 64103
007 ta
008 20091029b un ||||| |||| 00| 0 ukr d
090 _a511.1
_bЗ-15
942 _cBK
040 _aUA-OsUOA
_brus
_cUA-OsUOA
_dUA-OsUOA
245 _aЗадания для учащихся заочной средней школы
_bАрифметика. 5-6 классы
_cСост. С.А. Пономарев
300 _a100 с.
955 _a2
041 _arus
080 _a511.1
260 _aМ.
_c1954
650 7 _a511 Теорія чисел
_2UDC
999 _c350356
_d350356